000 00627cam a2200205 4500
001 ##J107325
002 ##5371
008 000000n2000 000 0 eng u
035 _a(Sirsi) u107325
041 0 _aeng
110 2 _aRoyal Institution of Chartered Surveyors
_94900
245 0 0 _aCertificate for payment for use with the JCT SF98
_bserialised
260 _aLondon
_bRICS
_c2000
300 _a1
_fsample pad
_c30cm.
490 0 _aRICS Stationery
650 2 4 _aJCT STANDARD FORM OF BUILDING CONTRACT (1998 EDITION)
651 4 _aUnited Kingdom
_y
690 _aBUILT ENVIRONMENT-BUILDING CONTRACT FORMS
942 _n0
999 _c100684
_d100684